Very high energy cosmic-ray interactions (Record no. 13464)
[ view plain ]
| 000 -LEADER | |
|---|---|
| fixed length control field | 00893nam a2200217Ia 4500 |
| 003 - CONTROL NUMBER IDENTIFIER | |
| control field | IN-BaIIA |
| 008 - FIXED-LENGTH DATA ELEMENTS--GENERAL INFORMATION | |
| fixed length control field | 211028s9999 xx 000 0 eng d |
| 020 ## - INTERNATIONAL STANDARD BOOK NUMBER | |
| International Standard Book Number | 1-56396-038-9 |
| 040 ## - CATALOGING SOURCE | |
| Transcribing agency | IIA Library |
| 080 ## - UNIVERSAL DECIMAL CLASSIFICATION NUMBER | |
| Universal Decimal Classification number | 52-732 |
| Item number | VER |
| 111 ## - MAIN ENTRY--MEETING NAME | |
| Meeting name or jurisdiction name as entry element | International Symposium on Very High Energy Cosmic-Ray Interactions |
| Number of part/section/meeting | 8 |
| Location of meeting | Ann Arbor, MI, USA |
| Date of meeting or treaty signing | 1992 June 21-27 |
| 9 (RLIN) | 23612 |
| 245 #0 - TITLE STATEMENT | |
| Title | Very high energy cosmic-ray interactions |
| Remainder of title | proceedings of the international symposium on very high energy cosmic-ray interactions, held in Ann Arbor, MI, USA, June 21-27, 1992 |
| Statement of responsibility, etc. | edited by Lawrence Jones |
| 250 ## - EDITION STATEMENT | |
| Edition statement | 7th ed. |
| 260 ## - PUBLICATION, DISTRIBUTION, ETC. | |
| Place of publication, distribution, etc. | New York |
| Name of publisher, distributor, etc. | American Institute of Physics |
| Date of publication, distribution, etc. | 1993 |
| 300 ## - PHYSICAL DESCRIPTION | |
| Extent | xii, 736p. |
| 490 ## - SERIES STATEMENT | |
| Series statement | AIP conference proceedings; vol. 276 |
| 650 ## - SUBJECT ADDED ENTRY--TOPICAL TERM | |
| Topical term or geographic name entry element | Cosmic rays |
| 650 ## - SUBJECT ADDED ENTRY--TOPICAL TERM | |
| Topical term or geographic name entry element | Nuclear physics |
| 9 (RLIN) | 1527 |
| 700 ## - ADDED ENTRY--PERSONAL NAME | |
| Personal name | Jones, Lawrence, ed. |
| 9 (RLIN) | 23613 |
| 942 ## - ADDED ENTRY ELEMENTS (KOHA) | |
| Koha item type | Books |
| Withdrawn status | Lost status | Damaged status | Not for loan | Home library | Current library | Shelving location | Date acquired | Total Checkouts | Full call number | Barcode | Date last seen | Price effective from | Koha item type |
|---|---|---|---|---|---|---|---|---|---|---|---|---|---|
| IIA Library-Bangalore | IIA Library-Bangalore | General Stacks | 52-732/ VER | 14383 | 05/11/2021 | Books |